00264nam a22000977a 4500008004100000082001100041100001500052245006500067260002600132300000800158230929b |||||||| |||| 00| 0 eng d a105.32 aT.N. Ratho aEmerging Trends in Teaching of Computer SciencescT.N. Ratho aDelhibKanishkac1995 a375